[Event "Opening Theory No More"]
[Site "SchemingMind.com"]
[Date "2007.08.29"]
[Round "-"]
[White "Rick Groszkiewicz"]
[Black "tacticrules"]
[Result "0-1"]
[WhiteCountry "USA"]
[BlackCountry "GER"]
[WhiteElo "1673"]
[WhiteRD "100"]
[BlackElo "1677"]
[BlackRD "51"]
[GameID "118176"]

1. e4 e5 2. Nf3 Nc6 3. Bc4 Nf6 4. Ng5 d5 5. exd5 Nxd5 6. Nxf7 Kxf7 7. Qf3+ Ke6 8. Nc3 Nb4 9. a3 Nxc2+ 10. Kd1 Nxa1
11. Bxd5+ Kd7 12. Qf5+ Kd6 13. Qf7 Qe7 14. Ne4+ Kd7 15. Qf3 c6 16. Bc4 b5 17. Bf7 Kc7 18. d4 Bg4 19. Qxg4 Qxf7 20. Re1 Qb3+
21. Ke2 Qc4+ 22. Kf3 Nc2 23. Rd1 Nxd4+
0-1

[Event "Opening Theory No More"]
[Site "SchemingMind.com"]
[Date "2007.08.27"]
[Round "-"]
[White "tacticrules"]
[Black "Rick Groszkiewicz"]
[Result "1-0"]
[WhiteCountry "GER"]
[BlackCountry "USA"]
[WhiteElo "1677"]
[WhiteRD "51"]
[BlackElo "1673"]
[BlackRD "100"]
[GameID "118177"]

1. e4 e5 2. Nf3 Nc6 3. Bc4 Nf6 4. Ng5 d5 5. exd5 Nxd5 6. Nxf7 Kxf7 7. Qf3+ Ke6 8. Nc3 Ne7 9. d4 c6 10. Bg5 exd4
11. O-O-O Qd6 12. Rxd4 Nf5 13. Nxd5
1-0

[Event "Opening Theory No More"]
[Site "SchemingMind.com"]
[Date "2007.08.29"]
[Round "-"]
[White "jtrochez1"]
[Black "tacticrules"]
[Result "1-0"]
[WhiteCountry "HON"]
[BlackCountry "GER"]
[WhiteElo "1500"]
[WhiteRD "47"]
[BlackElo "1454"]
[BlackRD "49"]
[GameID "118182"]

1. e4 e5 2. Nf3 Nc6 3. Bc4 Nf6 4. Ng5 d5 5. exd5 Nxd5 6. Nxf7 Kxf7 7. Qf3+ Ke6 8. c3 Na5 9. Be2 Qf6 10. O-O Qxf3
11. Bxf3 Nf6 12. d3 Kf7 13. Be3 Bf5 14. Be2 Nc6 15. Nd2 Rd8 16. Rad1 Bxd3 17. Bxd3 Rxd3 18. Nf3 Rxd1 19. Rxd1 Bd6 20. b4 a6
21. a3 Rd8 22. h3 h6 23. Nd2 Nd5 24. Nb1 Nxe3 25. fxe3 Ne7 26. e4 b6 27. Rf1+ Kg6 28. c4 c5 29. b5 a5 30. a4
1-0

[Event "Opening Theory No More"]
[Site "SchemingMind.com"]
[Date "2007.08.27"]
[Round "-"]
[White "jtrochez1"]
[Black "Rick Groszkiewicz"]
[Result "0-1"]
[WhiteCountry "HON"]
[BlackCountry "USA"]
[WhiteElo "1522"]
[WhiteRD "48"]
[BlackElo "1673"]
[BlackRD "100"]
[GameID "118183"]

1. e4 e5 2. Nf3 Nc6 3. Bc4 Nf6 4. Ng5 d5 5. exd5 Nxd5 6. Nxf7 Kxf7 7. Qf3+ Ke6 8. c3 Qf6 9. Qxf6+ gxf6 10. O-O Na5
11. Bxd5+ Kxd5 12. d3 Rg8 13. g3 Bf5 14. d4 Bd3 15. Re1 e4 16. Bf4 Bd6 17. Bxd6 cxd6 18. Nd2 f5 19. Kh1 Nc4 20. Nxc4 Bxc4
21. b3 Bd3 22. h4 Rg4 23. Kh2 Rag8 24. Rg1 Be2 25. Rac1 b6 26. a4 h5 27. Rce1 Bf3 28. b4 Kc4 29. Rc1 f4 30. b5 e3
31. gxf4 Rxh4#
0-1

[Event "Opening Theory No More"]
[Site "SchemingMind.com"]
[Date "2007.08.28"]
[Round "-"]
[White "tacticrules"]
[Black "jtrochez1"]
[Result "0-1"]
[WhiteCountry "GER"]
[BlackCountry "HON"]
[WhiteElo "1570"]
[WhiteRD "48"]
[BlackElo "1524"]
[BlackRD "49"]
[GameID "118184"]

1. e4 e5 2. Nf3 Nc6 3. Bc4 Nf6 4. Ng5 d5 5. exd5 Nxd5 6. Nxf7 Kxf7 7. Qf3+ Ke6 8. Nc3 Ne7 9. d4 c6 10. Bg5 a6
11. O-O-O h6 12. Bh4 g5 13. dxe5 Bg7 14. Bg3 Rf8 15. Qe4 Qc7 16. Rxd5 cxd5 17. Bxd5+ Nxd5 18. Qxd5+ Ke7 19. h4 Be6 20. Qe4 Rad8
21. hxg5 hxg5 22. Qg6 Rg8 23. Rh7 Bf7 24. Qxg5+ Ke8 25. Rxg7 Rxg7 26. Qxg7 Qe7 27. Ne4 Qb4 28. Qh8+ Kd7 29. Qh3+ Be6 30. Nf6+ Kc7
31. Qh7+ Kc8 32. f3 Qd4 33. Qh1 Bxa2 34. b3 Qa1#
0-1

[Event "Opening Theory No More"]
[Site "SchemingMind.com"]
[Date "2007.08.28"]
[Round "-"]
[White "Rick Groszkiewicz"]
[Black "jtrochez1"]
[Result "1-0"]
[WhiteCountry "USA"]
[BlackCountry "HON"]
[WhiteElo "1783"]
[WhiteRD "128"]
[BlackElo "1572"]
[BlackRD "47"]
[GameID "118185"]

1. e4 e5 2. Nf3 Nc6 3. Bc4 Nf6 4. Ng5 d5 5. exd5 Nxd5 6. Nxf7 Kxf7 7. Qf3+ Ke6 8. Nc3 Nd4 9. Bxd5+ Kd6 10. Qf7 Nxc2+
11. Kd1 Nxa1 12. Ne4#
1-0

[Event "Opening Theory No More"]
[Site "SchemingMind.com"]
[Date "2007.08.28"]
[Round "-"]
[White "Theodoric"]
[Black "jtrochez1"]
[Result "1-0"]
[WhiteCountry "ENG"]
[BlackCountry "HON"]
[WhiteElo "1783"]
[WhiteRD "59"]
[BlackElo "1522"]
[BlackRD "48"]
[GameID "118250"]

1. e4 e5 2. Nf3 Nc6 3. Bc4 Nf6 4. Ng5 d5 5. exd5 Nxd5 6. Nxf7 Kxf7 7. Qf3+ Ke6 8. Nc3 a6 9. Bxd5+ Kd6 10. b3 Qf6
11. Ne4+
1-0

[Event "Opening Theory No More"]
[Site "SchemingMind.com"]
[Date "2007.08.29"]
[Round "-"]
[White "Theodoric"]
[Black "tacticrules"]
[Result "1-0"]
[WhiteCountry "ENG"]
[BlackCountry "GER"]
[WhiteElo "1828"]
[WhiteRD "57"]
[BlackElo "1570"]
[BlackRD "48"]
[GameID "118251"]

1. e4 e5 2. Nf3 Nc6 3. Bc4 Nf6 4. Ng5 d5 5. exd5 Nxd5 6. Nxf7 Kxf7 7. Qf3+ Ke6 8. Nc3 Nb4 9. Qe4 c6 10. a3 Na6
11. d4 Nc7 12. Qxe5+ Kf7 13. O-O Bd6 14. Qh5+ g6 15. Qh6 Bf5 16. Nxd5 Nxd5 17. c3 Qf6 18. Re1
1-0

[Event "Opening Theory No More"]
[Site "SchemingMind.com"]
[Date "2007.08.28"]
[Round "-"]
[White "Theodoric"]
[Black "Rick Groszkiewicz"]
[Result "1-0"]
[WhiteCountry "ENG"]
[BlackCountry "USA"]
[WhiteElo "1783"]
[WhiteRD "59"]
[BlackElo "1673"]
[BlackRD "100"]
[GameID "118252"]

1. e4 e5 2. Nf3 Nc6 3. Bc4 Nf6 4. Ng5 d5 5. exd5 Nxd5 6. Nxf7 Kxf7 7. Qf3+ Ke6 8. Nc3 Ne7 9. d4 c6 10. Bg5 exd4
11. Ne4 Qa5+ 12. Bd2 Qb6 13. O-O Ng6 14. Ng5+ Kd7 15. Nf7 Rg8 16. Bxd5 cxd5 17. Qxd5+ Kc7 18. Ba5
1-0

[Event "Opening Theory No More"]
[Site "SchemingMind.com"]
[Date "2007.08.28"]
[Round "-"]
[White "jtrochez1"]
[Black "Theodoric"]
[Result "0-1"]
[WhiteCountry "HON"]
[BlackCountry "ENG"]
[WhiteElo "1524"]
[WhiteRD "49"]
[BlackElo "1828"]
[BlackRD "57"]
[GameID "118253"]

1. e4 e5 2. Nf3 Nc6 3. Bc4 Nf6 4. Ng5 d5 5. exd5 Nxd5 6. Nxf7 Kxf7 7. O-O Kg6 8. Be2 Qh4 9. d3 Nd4 10. Nc3 Nxc3
11. bxc3 Nxe2+ 12. Qxe2 Bd6 13. Qe4+ Qxe4 14. dxe4 Rf8 15. f3 Be6 16. a4 Rad8 17. Be3 b6 18. Rfd1 c5 19. Rd2 Bc7 20. Rad1 Rxd2
21. Rxd2 Rd8 22. Rxd8 Bxd8 23. f4 exf4 24. Bf2 Ba2 25. a5 Bb1 26. axb6 axb6 27. Kf1 Bxc2 28. e5 Kf5 29. Bxc5 bxc5 30. Ke2 Kxe5
31. Kf3 Bf6 32. g3 fxg3 33. hxg3 Kd5
0-1

[Event "Opening Theory No More"]
[Site "SchemingMind.com"]
[Date "2007.08.28"]
[Round "-"]
[White "tacticrules"]
[Black "Theodoric"]
[Result "1-0"]
[WhiteCountry "GER"]
[BlackCountry "ENG"]
[WhiteElo "1677"]
[WhiteRD "51"]
[BlackElo "1783"]
[BlackRD "59"]
[GameID "118254"]

1. e4 e5 2. Nf3 Nc6 3. Bc4 Nf6 4. Ng5 d5 5. exd5 Nxd5 6. Nxf7 Kxf7 7. Qf3+ Ke6 8. Nc3 Nb4 9. a3 Nxc2+ 10. Kd1 Nxa1
11. Nxd5 Kd7 12. b4 Kd6 13. d4 exd4 14. Bf4+ Kc6 15. Nxc7+ Kd7 16. Qd5+
1-0

[Event "Opening Theory No More"]
[Site "SchemingMind.com"]
[Date "2007.08.28"]
[Round "-"]
[White "Rick Groszkiewicz"]
[Black "Theodoric"]
[Result "0-1"]
[WhiteCountry "USA"]
[BlackCountry "ENG"]
[WhiteElo "1673"]
[WhiteRD "100"]
[BlackElo "1783"]
[BlackRD "59"]
[GameID "118255"]

1. e4 e5 2. Nf3 Nc6 3. Bc4 Nf6 4. Ng5 d5 5. exd5 Nxd5 6. Nxf7 Kxf7 7. Qf3+ Ke6 8. Nc3 Nb4 9. a3 Nxc2+ 10. Kd1 Nxa1
11. Bxd5+ Kd7 12. Qf5+ Kd6 13. Qf7 Qe7 14. Qf3 c6 15. Ba2 Be6 16. Re1 Bxa2 17. Nxa2 Qe6 18. d4 Qb3+ 19. Qxb3 Nxb3
0-1

[Event "Opening Theory No More"]
[Site "SchemingMind.com"]
[Date "2007.08.31"]
[Round "-"]
[White "knightrider"]
[Black "jtrochez1"]
[Result "0-1"]
[WhiteCountry "USA"]
[BlackCountry "HON"]
[WhiteElo "1532"]
[WhiteRD "66"]
[BlackElo "1524"]
[BlackRD "49"]
[GameID "118752"]

1. e4 e5 2. Nf3 Nc6 3. Bc4 Nf6 4. Ng5 d5 5. exd5 Nxd5 6. Nxf7 Kxf7 7. Qf3+ Qf6 8. Bxd5+ Ke7 9. Qxf6+ gxf6 10. Nc3 Nb4
11. O-O Nxc2 12. Rb1 Nb4 13. g4 c6 14. Bf3 Nd3 15. b3 Rg8 16. h3 h5 17. Be2 Nf4 18. Bc4 Rg7 19. Ba3+ Ke8 20. b4 Nxh3+
21. Kh2 Bxg4 22. f3 Bf5 23. Rfe1 Nf4 24. Rg1 Bxb1 25. Nxb1 Rxg1 26. Kxg1 Kd7 27. Kh2 Bd6 28. Bf1 Rg8 29. d3 Ne6 30. Nd2 b5
31. Ne4 Be7 32. Bh3 h4 33. Nc5+ Bxc5 34. bxc5 Rg3 35. Bc1 Ke7 36. Be3 Rxf3 37. Bh6 Rxd3
0-1

[Event "Opening Theory No More"]
[Site "SchemingMind.com"]
[Date "2007.09.04"]
[Round "-"]
[White "knightrider"]
[Black "tacticrules"]
[Result "1-0"]
[WhiteCountry "USA"]
[BlackCountry "GER"]
[WhiteElo "1532"]
[WhiteRD "66"]
[BlackElo "1570"]
[BlackRD "48"]
[GameID "118753"]

1. e4 e5 2. Nf3 Nc6 3. Bc4 Nf6 4. Ng5 d5 5. exd5 Nxd5 6. Nxf7 Kxf7 7. Qf3+ Ke6 8. Nc3 Nb4 9. Qe4 c6 10. d4 Kd7
11. dxe5 Nxc3 12. bxc3 Nd5 13. O-O Kc7 14. e6 Bd6 15. h4 Qf6 16. Bd2 Bxe6 17. g3
1-0

[Event "Opening Theory No More"]
[Site "SchemingMind.com"]
[Date "2007.09.01"]
[Round "-"]
[White "knightrider"]
[Black "Theodoric"]
[Result "0-1"]
[WhiteCountry "USA"]
[BlackCountry "ENG"]
[WhiteElo "1532"]
[WhiteRD "66"]
[BlackElo "1828"]
[BlackRD "57"]
[GameID "118754"]

1. e4 e5 2. Nf3 Nc6 3. Bc4 Nf6 4. Ng5 d5 5. exd5 Nxd5 6. Nxf7 Kxf7 7. Qf3+ Ke6 8. Nc3 Nb4 9. Qe4 c6 10. a3 Na6
11. d4 Qd6 12. O-O Nc7 13. dxe5 Qxe5 14. Qxe5+ Kxe5 15. f4+ Kd6 16. Bd2 Bf5 17. Bb3 Be7 18. g3 Bf6 19. Rad1 Bd4+ 20. Kg2 Rhe8
21. Bc1 Bxc3 22. bxc3 Re2+ 23. Rf2 Rxf2+ 24. Kxf2 Ke7 25. a4 Kf6 26. c4 Nb4 27. h4 c5 28. Be3 b6 29. Kf3 h5 30. Rd2 Re8
31. Kf2 Re7 32. c3 Nd3+ 33. Kf3 Bg4+ 34. Kg2 Rxe3 35. Bd1 Bxd1 36. Rxd1 Nb2 37. Rf1 Nxc4 38. f5 Rxc3 39. Kh3 Ne5 40. Rd1 Rd3
41. Rxd3 Nxd3 42. g4 hxg4+ 43. Kxg4 c4
0-1

[Event "Opening Theory No More"]
[Site "SchemingMind.com"]
[Date "2007.08.31"]
[Round "-"]
[White "knightrider"]
[Black "Rick Groszkiewicz"]
[Result "0-1"]
[WhiteCountry "USA"]
[BlackCountry "USA"]
[WhiteElo "1473"]
[WhiteRD "68"]
[BlackElo "1673"]
[BlackRD "100"]
[GameID "118755"]

1. e4 e5 2. Nf3 Nc6 3. Bc4 Nf6 4. Ng5 d5 5. exd5 Nxd5 6. Nxf7 Kxf7 7. Qf3+ Ke6 8. Nc3 Ne7 9. d4 c6 10. Ne4 Kd7
11. O-O Kc7 12. dxe5 Ng6 13. Bg5 Be7 14. Qg3 Be6 15. Bxe7 Qxe7 16. Nd6 Nxe5 17. Qxe5 Qxd6 18. Qxg7+ Kb6 19. c3 Rag8 20. Qd4+ c5
21. Qd3 Rxg2+ 22. Kxg2 Nf4+
0-1

[Event "Opening Theory No More"]
[Site "SchemingMind.com"]
[Date "2007.08.31"]
[Round "-"]
[White "jtrochez1"]
[Black "knightrider"]
[Result "0-1"]
[WhiteCountry "HON"]
[BlackCountry "USA"]
[WhiteElo "1524"]
[WhiteRD "49"]
[BlackElo "1532"]
[BlackRD "66"]
[GameID "118756"]

1. e4 e5 2. Nf3 Nc6 3. Bc4 Nf6 4. Ng5 d5 5. exd5 Nxd5 6. Nxf7 Kxf7 7. Bxd5+ Qxd5 8. Qf3+ Qxf3 9. gxf3 Nd4 10. h3 Nxc2+
11. Ke2 Nxa1 12. d3 Nc2 13. Be3 Nxe3 14. fxe3 Bd6 15. e4 Be6 16. a3 g5 17. Nc3 a6 18. Nd1 Rhd8 19. Nf2 h5 20. Nd1 Bc5
21. Ne3 Bd4 22. b4 b5 23. Nc2 c5 24. Nxd4 Rxd4 25. bxc5 Rc8 26. h4 Rxc5 27. hxg5 Rc3 28. Rxh5 Rcxd3 29. Kf2 Rxa3 30. Rh4 Rd2+
31. Kg3 Raa2 32. Rh7+ Kg6 33. Rh6+ Kxg5
0-1

[Event "Opening Theory No More"]
[Site "SchemingMind.com"]
[Date "2007.09.04"]
[Round "-"]
[White "tacticrules"]
[Black "knightrider"]
[Result "1-0"]
[WhiteCountry "GER"]
[BlackCountry "USA"]
[WhiteElo "1570"]
[WhiteRD "48"]
[BlackElo "1532"]
[BlackRD "66"]
[GameID "118757"]

1. e4 e5 2. Nf3 Nc6 3. Bc4 Nf6 4. Ng5 d5 5. exd5 Nxd5 6. Nxf7 Kxf7 7. Qf3+ Ke6 8. Nc3 Nb4 9. a3 Nxc2+ 10. Kd1 Nd4
11. Bxd5+ Kd6 12. Qg3 Bf5 13. d3 Qd7 14. Re1 Re8 15. Bf4 Nc6 16. d4 Qd8 17. Bg5 Ne7 18. Qxe5+ Kd7 19. Be6+
1-0

[Event "Opening Theory No More"]
[Site "SchemingMind.com"]
[Date "2007.09.01"]
[Round "-"]
[White "Theodoric"]
[Black "knightrider"]
[Result "1-0"]
[WhiteCountry "ENG"]
[BlackCountry "USA"]
[WhiteElo "1828"]
[WhiteRD "57"]
[BlackElo "1532"]
[BlackRD "66"]
[GameID "118758"]

1. e4 e5 2. Nf3 Nc6 3. Bc4 Nf6 4. Ng5 d5 5. exd5 Nxd5 6. Nxf7 Kxf7 7. Qf3+ Ke6 8. Nc3 Nd4 9. Bxd5+ Kd6 10. Qd3 c6
11. Be4 Be6 12. O-O Qg5 13. f4 Qd8 14. fxe5+ Kc7 15. Ne2 Nxe2+ 16. Qxe2 Qd4+ 17. Qe3 Rd8 18. Qxd4 Rxd4 19. d3 Bc5 20. Be3 Rxe4
21. Bxc5 Rxe5 22. Bd4 Re2 23. Rae1 Rxc2 24. Rxe6 Rd8 25. Rf7+ Kc8 26. Bc3 Kb8 27. h3 a6 28. Ree7 Rxd3 29. Be5+
1-0

[Event "Opening Theory No More"]
[Site "SchemingMind.com"]
[Date "2007.08.31"]
[Round "-"]
[White "Rick Groszkiewicz"]
[Black "knightrider"]
[Result "1-0"]
[WhiteCountry "USA"]
[BlackCountry "USA"]
[WhiteElo "1673"]
[WhiteRD "100"]
[BlackElo "1473"]
[BlackRD "68"]
[GameID "118759"]

1. e4 e5 2. Nf3 Nc6 3. Bc4 Nf6 4. Ng5 d5 5. exd5 Nxd5 6. Nxf7 Kxf7 7. Qf3+ Ke6 8. Nc3 Nd4 9. Bxd5+ Kd6 10. Qf7 Be6
11. Nb5+ Nxb5 12. Qxe6+ Kc5 13. Bxb7 Nd4 14. b4+
1-0

[Event "Opening Theory No More"]
[Site "SchemingMind.com"]
[Date "2007.09.03"]
[Round "-"]
[White "cnbcad"]
[Black "jtrochez1"]
[Result "0-1"]
[WhiteCountry "USA"]
[BlackCountry "HON"]
[WhiteElo "1541"]
[WhiteRD "52"]
[BlackElo "1500"]
[BlackRD "47"]
[GameID "119098"]

1. e4 e5 2. Nf3 Nc6 3. Bc4 Nf6 4. Ng5 d5 5. exd5 Nxd5 6. Nxf7 Kxf7 7. Qf3+ Ke6 8. Nc3 Kd6 9. Qxd5+ Ke7 10. Qf3 Qe8
11. Nd5+ Kd8 12. O-O Nd4 13. Qd3 Bd6 14. b3 Bf5 15. Qg3 g6 16. Qg5+ Kc8 17. a4 h6 18. Qg3 e4 19. Nf6 Qd8 20. Qh4 g5
21. Qh5 Qxf6 22. c3 Ne6 23. Bxe6+ Bxe6 24. Bb2 b6 25. Ba3 Bxa3 26. Rxa3 Rg8 27. a5 Kd7 28. c4 a6 29. Raa1 g4 30. d4 exd3
31. axb6 cxb6 32. f4 gxf3 33. Qxf3 Qxf3 34. Rxf3 b5 35. Rxd3+ Ke7
0-1

[Event "Opening Theory No More"]
[Site "SchemingMind.com"]
[Date "2007.09.03"]
[Round "-"]
[White "cnbcad"]
[Black "knightrider"]
[Result "1-0"]
[WhiteCountry "USA"]
[BlackCountry "USA"]
[WhiteElo "1527"]
[WhiteRD "55"]
[BlackElo "1473"]
[BlackRD "68"]
[GameID "119099"]

1. e4 e5 2. Nf3 Nc6 3. Bc4 Nf6 4. Ng5 d5 5. exd5 Nxd5 6. Nxf7 Kxf7 7. Qf3+ Ke6 8. Qg4+ Kd6 9. Qg3 Nd4 10. Bxd5 Nxc2+
11. Kd1 Bf5 12. Bb3 Nxa1 13. d4 Qe7 14. Bg5 Qe6 15. Bxe6 Kxe6 16. Qxe5+
1-0

[Event "Opening Theory No More"]
[Site "SchemingMind.com"]
[Date "2007.09.04"]
[Round "-"]
[White "cnbcad"]
[Black "tacticrules"]
[Result "1-0"]
[WhiteCountry "USA"]
[BlackCountry "GER"]
[WhiteElo "1541"]
[WhiteRD "52"]
[BlackElo "1454"]
[BlackRD "49"]
[GameID "119100"]

1. e4 e5 2. Nf3 Nc6 3. Bc4 Nf6 4. Ng5 d5 5. exd5 Nxd5 6. Nxf7 Kxf7 7. Qf3+ Ke6 8. O-O Na5 9. b3 Nxc4 10. bxc4 Nf6
11. Bb2 Bd6 12. d4 exd4 13. Re1+ Kf7 14. Bxd4
1-0

[Event "Opening Theory No More"]
[Site "SchemingMind.com"]
[Date "2007.09.04"]
[Round "-"]
[White "cnbcad"]
[Black "Theodoric"]
[Result "0-1"]
[WhiteCountry "USA"]
[BlackCountry "ENG"]
[WhiteElo "1558"]
[WhiteRD "56"]
[BlackElo "1828"]
[BlackRD "57"]
[GameID "119101"]

1. e4 e5 2. Nf3 Nc6 3. Bc4 Nf6 4. Ng5 d5 5. exd5 Nxd5 6. Nxf7 Kxf7 7. Qf3+ Ke6 8. Nc3 Nb4 9. O-O c6 10. d4 Nxc2
11. Nxd5 cxd5 12. dxe5 dxc4 13. Rb1 Qd3 14. Qg4+ Kf7 15. Qf4+ Ke8 16. Be3 Be6 17. Rbd1 Qf5 18. Rc1 Qxf4 19. Bxf4 Nd4 20. Rfe1 Rd8
21. h3 Bc5 22. Be3 Bb4 23. Bxd4 Bxe1
0-1

[Event "Opening Theory No More"]
[Site "SchemingMind.com"]
[Date "2007.09.03"]
[Round "-"]
[White "cnbcad"]
[Black "Rick Groszkiewicz"]
[Result "0-1"]
[WhiteCountry "USA"]
[BlackCountry "USA"]
[WhiteElo "1541"]
[WhiteRD "52"]
[BlackElo "1656"]
[BlackRD "103"]
[GameID "119102"]

1. e4 e5 2. Nf3 Nc6 3. Bc4 Nf6 4. Ng5 d5 5. exd5 Nxd5 6. Nxf7 Kxf7 7. Qf3+ Ke6 8. O-O Bc5 9. d4 Nxd4 10. Bxd5+ Qxd5
11. Qg4+ Kd6 12. Qh5 g6 13. Qh4 Nf5 14. Qf6+ Be6 15. Nc3 Qc4 16. Rd1+ Bd4 17. Ne4+ Kc6 18. Ng5 Rhe8 19. c3 Qe2 20. Rf1 Rad8
21. Nxe6 Rd6 22. Nxd4+ exd4 23. Qf7 d3
0-1

[Event "Opening Theory No More"]
[Site "SchemingMind.com"]
[Date "2007.09.03"]
[Round "-"]
[White "jtrochez1"]
[Black "cnbcad"]
[Result "0-1"]
[WhiteCountry "HON"]
[BlackCountry "USA"]
[WhiteElo "1500"]
[WhiteRD "47"]
[BlackElo "1541"]
[BlackRD "52"]
[GameID "119103"]

1. e4 e5 2. Nf3 Nc6 3. Bc4 Nf6 4. Ng5 d5 5. exd5 Nxd5 6. Nxf7 Kxf7 7. Nc3 Be6 8. O-O Be7 9. Nxd5 Bxd5 10. Bxd5+ Qxd5
11. c3 Rhf8 12. f3 Kg8 13. b3 Bc5+ 14. Kh1 e4 15. b4 Bb6 16. Qb3 Qxb3 17. axb3 exf3 18. gxf3 Ne5 19. f4 Ng6 20. d4 Rae8
21. d5 Rf5 22. c4 Bd4 23. Ra2 Nh4 24. c5 Rxd5 25. Bb2 Re2 26. h3 Bxb2 27. Rxa7 Nf3
0-1

[Event "Opening Theory No More"]
[Site "SchemingMind.com"]
[Date "2007.09.04"]
[Round "-"]
[White "knightrider"]
[Black "cnbcad"]
[Result "1-0"]
[WhiteCountry "USA"]
[BlackCountry "USA"]
[WhiteElo "1532"]
[WhiteRD "66"]
[BlackElo "1558"]
[BlackRD "56"]
[GameID "119104"]

1. e4 e5 2. Nf3 Nc6 3. Bc4 Nf6 4. Ng5 d5 5. exd5 Nxd5 6. Nxf7 Kxf7 7. Qf3+ Ke6 8. Nc3 Nb4 9. Bb3 g6 10. a3 Bc5
11. axb4 Bxf2+ 12. Qxf2 Rf8 13. Bxd5+ Ke7 14. Qc5+ Kf6 15. O-O+ Kg7 16. d3 Bf5 17. Qe3 c6 18. g4 cxd5 19. gxf5 d4 20. Qh6+ Kg8
21. Ne4 Rc8 22. f6 Rc7 23. Ng5 Qd7 24. h3 Rxc2 25. f7+ Rxf7 26. Rxf7
1-0

[Event "Opening Theory No More"]
[Site "SchemingMind.com"]
[Date "2007.09.04"]
[Round "-"]
[White "tacticrules"]
[Black "cnbcad"]
[Result "0-1"]
[WhiteCountry "GER"]
[BlackCountry "USA"]
[WhiteElo "1454"]
[WhiteRD "49"]
[BlackElo "1541"]
[BlackRD "52"]
[GameID "119105"]

1. e4 e5 2. Nf3 Nc6 3. Bc4 Nf6 4. Ng5 d5 5. exd5 Nxd5 6. Nxf7 Kxf7 7. Qf3+ Ke6 8. Nc3 Nb4 9. a3 Nxc2+ 10. Kd1 Nxa1
11. Nxd5 Kd6 12. d4 h5 13. Qe4 exd4 14. Bf4+ Kc5 15. Nxc7 Kxc4
0-1

[Event "Opening Theory No More"]
[Site "SchemingMind.com"]
[Date "2007.09.04"]
[Round "-"]
[White "Theodoric"]
[Black "cnbcad"]
[Result "1-0"]
[WhiteCountry "ENG"]
[BlackCountry "USA"]
[WhiteElo "1850"]
[WhiteRD "58"]
[BlackElo "1541"]
[BlackRD "52"]
[GameID "119106"]

1. e4 e5 2. Nf3 Nc6 3. Bc4 Nf6 4. Ng5 d5 5. exd5 Nxd5 6. Nxf7 Kxf7 7. Qf3+ Ke6 8. Nc3 Nb4 9. Qe4 c6 10. d4 Qd6
11. a3 Nxc2+ 12. Qxc2 b5 13. Ne4 Qd8 14. Bxd5+ cxd5 15. Qc6+ Kf7 16. Ng5+ Kg8 17. dxe5 Be7 18. Qxa8 h6 19. Nf3 Kh7 20. Qxa7 Re8
21. O-O Bg4 22. Nd4 Bh4 23. Bf4 Re7 24. Qa6 Rc7 25. e6 Rc4 26. Be3 Bf6 27. Nxb5 Be2 28. Rfb1 d4 29. Bf4 d3 30. Qd6 Qa5
31. Nc3 Rd4 32. Qb8 Bg4 33. b4 Qf5 34. Bd2 Qxe6 35. Re1 Qf5 36. Re8 g5 37. Rae1 Be2 38. Nxe2 dxe2 39. Bc3 Rd1 40. Rh8+ Bxh8
41. Qxh8+
1-0

[Event "Opening Theory No More"]
[Site "SchemingMind.com"]
[Date "2007.09.04"]
[Round "-"]
[White "Rick Groszkiewicz"]
[Black "cnbcad"]
[Result "0-1"]
[WhiteCountry "USA"]
[BlackCountry "USA"]
[WhiteElo "1656"]
[WhiteRD "103"]
[BlackElo "1541"]
[BlackRD "52"]
[GameID "119107"]

1. e4 e5 2. Nf3 Nc6 3. Bc4 Nf6 4. Ng5 d5 5. exd5 Nxd5 6. Nxf7 Kxf7 7. Qf3+ Ke6 8. Nc3 Nd4 9. Bxd5+ Kd6 10. Qe4 Bf5
11. Nb5+ Kc5 12. b4+ Kxb5 13. c4+ Kxb4 14. Qxe5 Bc5 15. O-O Re8 16. Qxg7 Ne2+ 17. Kh1 Bd4 18. Qf7 Bxa1 19. Qxf5 Qh4 20. Ba3+ Kxa3
21. Rb1 Be5 22. Qd3+ Nc3 23. g3 Qd4 24. Rb3+ Ka4 25. Qc2 Ka5 26. dxc3 Qc5 27. Qb2 c6 28. Rb4 b5
0-1